100 Famous Airplanes - Statistics

General Stats
  • This quiz has been taken 195 times
  • The average score is 31 of 100
Answer Stats
Picture Answer % Correct
F 35
88%
Concorde
76%
Spitfire
71%
C 130
62%
F 16
61%
A 350
57%
A 380
55%
B2
54%
F4
54%
F 22
53%
Sr 71
53%
A 340
52%
Eurofighter
51%
Beluga
49%
F 15
49%
A 10
46%
An 225
45%
F 117
44%
An 124
43%
Dc 10
43%
F 14
43%
C 17
42%
U 2
42%
A320
40%
A 330
40%
P 51
40%
B1
39%
Rafale
39%
Mig 21
38%
Harrier
37%
B 747
36%
Wright Flyer
36%
A 319
35%
A321
35%
B 36
35%
B 727
35%
B 787
35%
Il 76
35%
Lancaster
35%
B 17
33%
B 29
33%
C 5
33%
MD 11
33%
XB 70
33%
B 757
32%
Dc 3
32%
F 104
32%
F111
32%
Mig 29
32%
Vulcan
32%
A 300
31%
Tu 144
31%
An 2
30%
Gripen
30%
Beluga XL
29%
Me 262
29%
Zero
29%
F4U
28%
Mig 25
28%
Bell X1
27%
B 707
26%
B 767
26%
F 5
26%
Fw 190
26%
A 12
25%
B 717
25%
Bf 109
25%
Tornado
25%
X 15
25%
B 737
24%
B 777
24%
P 38
24%
A 400M
23%
Mirage 2000
23%
Tu 95
23%
CRJ 900
21%
Tu 160
21%
V1
21%
Viggen
21%
F 8
16%
B 26
15%
Hercules
15%
Ho 229
15%
Il 86
15%
C 2
14%
Alpha jet
13%
Super Tucano
13%
Jaguar
12%
Mirage 3
12%
Victor
12%
De Havilland Comet
10%
Ouragan
10%
Mirage 4
8%
C 295
7%
C 390
7%
Lockheed Tristar
7%
Mercure
6%
Wb 57
3%
Potez 63
1%
T1 Hawk
1%
No matching quizzes found
Score Distribution
Percent of People with Each Score
Percentile by Number Answered
Your Score History
You have not taken this quiz